[Event "DEM U12w 2024"]
[Site "Willingen GER"]
[Date "2024.05.21"]
[Round "4"]
[White "Baklan, Kira"]
[Black "Guliyeva, Zahra"]
[Result "1-0"]
[Termination "normal"]
[Board "19"]
[WhiteElo "1264"]
[BlackElo "1093"]
[WhiteClock "01:15:05"]
[BlackClock "00:29:54"]
[PlyCount "63"]
[WhiteFideId "34186514"]
[BlackFideId "34630198"]
[EventCountry "GER"]
[EventRounds "9"]
[EventType "swiss"]
[EventDate "2024.05.18"]

1. e4 {[%clk 01:30:59]} e5 {[%clk 01:30:55]} {[%emt 00:00:05]} 2. Nc3 {[%clk
01:31:24]} {[%emt 00:00:05]} d6 {[%clk 01:30:45]} {[%emt 00:00:40]} 3. Bc4
{[%clk 01:31:47]} {[%emt 00:00:07]} Be7 {[%clk 01:30:35]} {[%emt 00:00:40]} 4.
d3 {[%clk 01:32:08]} {[%emt 00:00:09]} h6 {[%clk 01:30:45]} {[%emt 00:00:20]}
5. f4 {[%clk 01:32:24]} {[%emt 00:00:14]} exf4 {[%clk 01:22:29]} {[%emt
00:08:47]} 6. Bxf4 {[%clk 01:32:46]} {[%emt 00:00:07]} Nc6 {[%clk 01:21:08]}
{[%emt 00:01:51]} 7. Nf3 {[%clk 01:31:20]} {[%emt 00:01:56]} Nf6 {[%clk
01:16:17]} {[%emt 00:05:21]} 8. Qd2 {[%clk 01:29:39]} {[%emt 00:02:11]} Bg4
{[%clk 01:08:02]} {[%emt 00:08:46]} 9. O-O-O {[%clk 01:28:43]} {[%emt
00:01:25]} Na5 {[%clk 01:00:30]} {[%emt 00:08:01]} 10. Bd5 {[%clk 01:25:17]}
{[%emt 00:03:57]} c6 {[%clk 00:59:52]} {[%emt 00:01:08]} 11. Bc4 {[%clk
01:24:39]} {[%emt 00:01:08]} b5 {[%clk 00:57:29]} {[%emt 00:02:54]} 12. Bb3
{[%clk 01:23:09]} {[%emt 00:01:58]} O-O {[%clk 00:52:50]} {[%emt 00:05:10]} 13.
h3 {[%clk 01:22:25]} {[%emt 00:01:13]} Nxb3+ {[%clk 00:50:00]} {[%emt
00:03:21]} 14. cxb3 {[%clk 01:22:45]} {[%emt 00:00:10]} Be6 {[%clk 00:50:15]}
{[%emt 00:00:15]} 15. g4 {[%clk 01:21:49]} {[%emt 00:01:26]} g5 {[%clk
00:48:35]} {[%emt 00:02:10]} 16. Be3 {[%clk 01:20:35]} {[%emt 00:01:43]} Qa5
{[%clk 00:47:17]} {[%emt 00:01:49]} 17. Nd4 {[%clk 01:18:32]} {[%emt 00:02:33]}
Rac8 {[%clk 00:46:19]} {[%emt 00:01:28]} 18. Nxe6 {[%clk 01:18:15]} {[%emt
00:00:47]} fxe6 {[%clk 00:46:14]} {[%emt 00:00:35]} 19. Rdg1 {[%clk 01:16:29]}
{[%emt 00:02:13]} d5 {[%clk 00:42:07]} {[%emt 00:04:40]} 20. h4 {[%clk
01:16:47]} {[%emt 00:00:12]} dxe4 {[%clk 00:36:13]} {[%emt 00:06:24]} 21. hxg5
{[%clk 01:16:38]} {[%emt 00:00:38]} b4 {[%clk 00:35:52]} {[%emt 00:00:52]} 22.
gxf6 {[%clk 01:15:20]} {[%emt 00:01:48]} bxc3 {[%clk 00:36:08]} {[%emt
00:00:14]} 23. bxc3 {[%clk 01:15:46]} {[%emt 00:00:04]} Ba3+ {[%clk 00:36:18]}
{[%emt 00:00:20]} 24. Kb1 {[%clk 01:16:05]} {[%emt 00:00:11]} Rcd8 {[%clk
00:32:11]} {[%emt 00:04:36]} 25. Bxa7 {[%clk 01:14:42]} {[%emt 00:01:53]} Rxf6
{[%clk 00:31:02]} {[%emt 00:01:40]} 26. Bd4 {[%clk 01:14:39]} {[%emt 00:00:33]}
Rxd4 {[%clk 00:31:02]} {[%emt 00:00:31]} 27. g5 {[%clk 01:13:24]} {[%emt
00:01:44]} Rg6 {[%clk 00:30:41]} {[%emt 00:00:51]} 28. gxh6 {[%clk 01:13:45]}
{[%emt 00:00:09]} Kh7 {[%clk 00:30:08]} {[%emt 00:01:03]} 29. Rxg6 {[%clk
01:14:05]} {[%emt 00:00:09]} Kxg6 {[%clk 00:30:15]} {[%emt 00:00:23]} 30. Qg2+
{[%clk 01:14:25]} {[%emt 00:00:10]} Kf6 {[%clk 00:29:48]} {[%emt 00:00:58]} 31.
Qg7+ {[%clk 01:14:48]} {[%emt 00:00:07]} Kf5 {[%clk 00:29:54]} {[%emt
00:00:24]} 32. Rf1# {[%clk 01:15:05]} {[%emt 00:00:11]} 1-0

[Event "DEM U12w 2024"]
[Site "Willingen GER"]
[Date "2024.05.21"]
[Round "4"]
[White "Alnajjar, Sara"]
[Black "Nönnig, Lotte"]
[Result "0-1"]
[Termination "normal"]
[Board "21"]
[WhiteElo "1194"]
[BlackElo "1647"]
[WhiteClock "01:05:25"]
[BlackClock "00:53:47"]
[PlyCount "82"]
[WhiteFideId "34668659"]
[BlackFideId "34611509"]
[EventCountry "GER"]
[EventRounds "9"]
[EventType "swiss"]
[EventDate "2024.05.18"]

1. e4 {[%clk 01:30:59]} {[%emt 00:10:11]} e5 {[%clk 01:30:53]} {[%emt
00:00:08]} 2. Nf3 {[%clk 01:30:56]} {[%emt 00:00:32]} Nc6 {[%clk 01:31:12]}
{[%emt 00:00:12]} 3. Nc3 {[%clk 01:29:58]} {[%emt 00:01:27]} Nf6 {[%clk
01:31:21]} {[%emt 00:00:21]} 4. a3 {[%clk 01:29:29]} {[%emt 00:00:59]} Bc5
{[%clk 01:26:31]} {[%emt 00:05:21]} 5. Nxe5 {[%clk 01:26:01]} {[%emt 00:03:58]}
Nxe5 {[%clk 01:25:34]} {[%emt 00:01:26]} 6. d4 {[%clk 01:25:32]} {[%emt
00:00:59]} Bxd4 {[%clk 01:24:50]} {[%emt 00:01:15]} 7. Qxd4 {[%clk 01:24:21]}
{[%emt 00:01:41]} Nc6 {[%clk 01:22:16]} {[%emt 00:03:03]} 8. Qd1 {[%clk
01:22:56]} {[%emt 00:01:55]} h6 {[%clk 01:19:53]} {[%emt 00:02:53]} 9. Bd3
{[%clk 01:21:00]} {[%emt 00:02:24]} O-O {[%clk 01:18:55]} {[%emt 00:01:30]} 10.
Bd2 {[%clk 01:20:29]} {[%emt 00:01:01]} d5 {[%clk 01:15:57]} {[%emt 00:03:28]}
11. f3 {[%clk 01:18:47]} {[%emt 00:02:12]} Re8 {[%clk 01:13:06]} {[%emt
00:03:21]} 12. Qe2 {[%clk 01:16:56]} {[%emt 00:02:22]} Bf5 {[%clk 01:06:04]}
{[%emt 00:07:26]} 13. g4 {[%clk 01:09:59]} {[%emt 00:07:33]} dxe4 {[%clk
01:01:05]} {[%emt 00:05:29]} 14. Nxe4 {[%clk 01:09:16]} {[%emt 00:01:12]} Nxe4
{[%clk 01:00:29]} {[%emt 00:01:06]} 15. Bxe4 {[%clk 01:09:26]} {[%emt
00:00:20]} Nd4 {[%clk 00:56:30]} {[%emt 00:04:29]} 16. Qd3 {[%clk 01:07:04]}
{[%emt 00:02:51]} Nxf3+ {[%clk 00:55:49]} {[%emt 00:01:12]} 17. Kd1 {[%clk
01:02:47]} {[%emt 00:04:47]} Bxe4 {[%clk 00:55:08]} {[%emt 00:01:10]} 18. Qc3
{[%clk 01:01:48]} {[%emt 00:01:30]} Nxd2 {[%clk 00:54:18]} {[%emt 00:01:20]}
19. Qxd2 {[%clk 01:01:28]} {[%emt 00:00:49]} Bxh1 {[%clk 00:54:16]} {[%emt
00:00:33]} 20. b3 {[%clk 01:00:59]} {[%emt 00:01:00]} Qxd2+ {[%clk 00:53:49]}
{[%emt 00:00:57]} 21. Kxd2 {[%clk 01:01:17]} {[%emt 00:00:12]} Rad8+ {[%clk
00:53:56]} {[%emt 00:00:23]} 22. Kc3 {[%clk 01:01:31]} {[%emt 00:00:15]} Bf3
{[%clk 00:54:09]} {[%emt 00:00:16]} 23. h3 {[%clk 01:01:52]} {[%emt 00:00:10]}
Re3+ {[%clk 00:54:03]} {[%emt 00:00:36]} 24. Kb2 {[%clk 01:02:13]} {[%emt
00:00:09]} Bg2 {[%clk 00:54:06]} {[%emt 00:00:27]} 25. h4 {[%clk 01:02:30]}
{[%emt 00:00:13]} Rg3 {[%clk 00:53:44]} {[%emt 00:00:52]} 26. g5 {[%clk
01:02:49]} {[%emt 00:00:12]} hxg5 {[%clk 00:53:54]} {[%emt 00:00:20]} 27. hxg5
{[%clk 01:03:07]} {[%emt 00:00:11]} Rxg5 {[%clk 00:53:53]} {[%emt 00:00:32]}
28. Re1 {[%clk 01:03:23]} {[%emt 00:00:13]} Rc5 {[%clk 00:52:36]} {[%emt
00:01:46]} 29. b4 {[%clk 01:03:30]} {[%emt 00:00:24]} Rc4 {[%clk 00:52:17]}
{[%emt 00:00:48]} 30. Re2 {[%clk 01:02:48]} {[%emt 00:01:12]} Be4 {[%clk
00:51:09]} {[%emt 00:01:37]} 31. Rf2 {[%clk 01:02:30]} {[%emt 00:00:49]} Rxc2+
{[%clk 00:51:20]} {[%emt 00:00:20]} 32. Rxc2 {[%clk 01:02:36]} {[%emt
00:00:25]} Bxc2 {[%clk 00:51:44]} {[%emt 00:00:06]} 33. Kxc2 {[%clk 01:02:58]}
{[%emt 00:00:07]} g5 {[%clk 00:52:04]} {[%emt 00:00:10]} 34. Kb3 {[%clk
01:03:21]} {[%emt 00:00:08]} g4 {[%clk 00:52:24]} {[%emt 00:00:10]} 35. Ka4
{[%clk 01:03:34]} {[%emt 00:00:16]} g3 {[%clk 00:52:30]} {[%emt 00:00:24]} 36.
Kb3 {[%clk 01:03:50]} {[%emt 00:00:15]} g2 {[%clk 00:52:48]} {[%emt 00:00:11]}
37. Ka4 {[%clk 01:04:16]} {[%emt 00:00:04]} g1=Q {[%clk 00:52:44]} {[%emt
00:00:34]} 38. Kb3 {[%clk 01:04:35]} {[%emt 00:00:11]} Qd1+ {[%clk 00:52:58]}
{[%emt 00:00:16]} 39. Kb2 {[%clk 01:04:57]} {[%emt 00:00:08]} Rd3 {[%clk
00:52:59]} {[%emt 00:00:29]} 40. b5 {[%clk 01:05:04]} {[%emt 00:00:24]} Qe2+
{[%clk 00:53:21]} {[%emt 00:00:07]} 41. Kc1 {[%clk 01:05:25]} {[%emt 00:00:08]}
Rd1# {[%clk 00:53:47]} {[%emt 00:00:06]} 0-1

[Event "DEM U12w 2024"]
[Site "Willingen GER"]
[Date "2024.05.21"]
[Round "4"]
[White "Rutschmann, Polly"]
[Black "Jamalli, Malak"]
[Result "1-0"]
[Termination "normal"]
[Board "22"]
[WhiteElo "966"]
[BlackElo "1197"]
[WhiteClock "00:57:15"]
[BlackClock "01:02:43"]
[PlyCount "115"]
[WhiteFideId "34621261"]
[BlackFideId "533000689"]
[EventCountry "GER"]
[EventRounds "9"]
[EventType "swiss"]
[EventDate "2024.05.18"]

1. e4 {[%clk 01:30:54]} {[%emt 00:00:05]} e5 {[%clk 01:30:55]} {[%emt
00:00:06]} 2. Nf3 {[%clk 01:31:11]} {[%emt 00:00:13]} Nc6 {[%clk 01:31:15]}
{[%emt 00:00:11]} 3. Bc4 {[%clk 01:31:27]} {[%emt 00:00:13]} Bc5 {[%clk
01:31:22]} {[%emt 00:00:23]} 4. d3 {[%clk 01:31:32]} {[%emt 00:00:25]} d6
{[%clk 01:30:43]} {[%emt 00:01:09]} 5. h3 {[%clk 01:31:41]} {[%emt 00:00:20]}
h6 {[%clk 01:30:33]} {[%emt 00:00:41]} 6. Be3 {[%clk 01:31:44]} {[%emt
00:00:26]} Bb6 {[%clk 01:30:52]} {[%emt 00:00:12]} 7. Nc3 {[%clk 01:31:53]}
{[%emt 00:00:20]} Bd7 {[%clk 01:30:06]} {[%emt 00:01:16]} 8. Qd2 {[%clk
01:31:04]} {[%emt 00:01:19]} Be6 {[%clk 01:29:36]} {[%emt 00:01:01]} 9. Bxe6
{[%clk 01:29:53]} {[%emt 00:01:41]} fxe6 {[%clk 01:29:51]} {[%emt 00:00:15]}
10. d4 {[%clk 01:29:27]} {[%emt 00:00:55]} exd4 {[%clk 01:26:53]} {[%emt
00:03:28]} 11. Bxd4 {[%clk 01:29:07]} {[%emt 00:00:50]} e5 {[%clk 01:26:10]}
{[%emt 00:01:14]} 12. Be3 {[%clk 01:27:38]} {[%emt 00:01:59]} Ba5 {[%clk
01:22:24]} {[%emt 00:04:16]} 13. O-O-O {[%clk 01:24:09]} {[%emt 00:03:58]} Nf6
{[%clk 01:21:50]} {[%emt 00:01:04]} 14. Qd3 {[%clk 01:23:29]} {[%emt 00:01:08]}
Bxc3 {[%clk 01:18:26]} {[%emt 00:03:56]} 15. Qxc3 {[%clk 01:22:24]} {[%emt
00:01:35]} Qe7 {[%clk 01:13:24]} {[%emt 00:05:33]} 16. Rd3 {[%clk 01:18:14]}
{[%emt 00:04:39]} Nxe4 {[%clk 01:11:52]} {[%emt 00:02:02]} 17. Qa3 {[%clk
01:15:24]} {[%emt 00:03:16]} Nc5 {[%clk 01:10:11]} {[%emt 00:02:16]} 18. Rc3
{[%clk 01:12:35]} {[%emt 00:03:16]} b6 {[%clk 01:07:31]} {[%emt 00:03:13]} 19.
Bxc5 {[%clk 01:11:59]} {[%emt 00:01:05]} bxc5 {[%clk 01:06:30]} {[%emt
00:01:32]} 20. Qa4 {[%clk 01:11:52]} {[%emt 00:00:33]} Qd7 {[%clk 01:05:15]}
{[%emt 00:01:49]} 21. Rd1 {[%clk 01:11:01]} {[%emt 00:01:21]} Nd4 {[%clk
01:04:17]} {[%emt 00:01:28]} 22. Qxd7+ {[%clk 01:09:52]} {[%emt 00:01:38]} Kxd7
{[%clk 01:04:17]} {[%emt 00:00:30]} 23. Nxd4 {[%clk 01:09:50]} {[%emt
00:00:32]} cxd4 {[%clk 01:03:34]} {[%emt 00:01:13]} 24. Rf3 {[%clk 01:09:25]}
{[%emt 00:00:54]} Rhf8 {[%clk 01:03:35]} {[%emt 00:00:31]} 25. Rg3 {[%clk
01:09:33]} {[%emt 00:00:22]} g5 {[%clk 01:03:37]} {[%emt 00:00:28]} 26. Rd2
{[%clk 01:09:05]} {[%emt 00:00:58]} a5 {[%clk 01:03:23]} {[%emt 00:00:44]} 27.
Rg4 {[%clk 01:08:52]} {[%emt 00:00:42]} Rf4 {[%clk 01:02:02]} {[%emt 00:01:52]}
28. Rxf4 {[%clk 01:04:02]} {[%emt 00:05:19]} gxf4 {[%clk 01:02:15]} {[%emt
00:00:18]} 29. g3 {[%clk 01:04:09]} {[%emt 00:00:23]} Rg8 {[%clk 01:01:28]}
{[%emt 00:01:16]} 30. gxf4 {[%clk 01:03:18]} {[%emt 00:01:21]} Rg1+ {[%clk
01:01:28]} {[%emt 00:00:30]} 31. Rd1 {[%clk 01:03:10]} {[%emt 00:00:39]} Rxd1+
{[%clk 01:01:18]} {[%emt 00:00:39]} 32. Kxd1 {[%clk 01:03:33]} {[%emt
00:00:07]} exf4 {[%clk 01:01:27]} {[%emt 00:00:21]} 33. Kd2 {[%clk 01:02:28]}
{[%emt 00:01:35]} Ke6 {[%clk 01:01:38]} {[%emt 00:00:20]} 34. Kd3 {[%clk
01:02:30]} {[%emt 00:00:27]} Ke5 {[%clk 01:01:35]} {[%emt 00:00:34]} 35. f3
{[%clk 01:02:08]} {[%emt 00:00:52]} c5 {[%clk 01:01:38]} {[%emt 00:00:27]} 36.
Kc4 {[%clk 01:01:37]} {[%emt 00:01:01]} h5 {[%clk 01:00:57]} {[%emt 00:01:10]}
37. Kb5 {[%clk 01:00:19]} {[%emt 00:01:48]} Kd5 {[%clk 01:01:02]} {[%emt
00:00:26]} 38. Kxa5 {[%clk 01:00:06]} {[%emt 00:00:43]} Kc4 {[%clk 01:01:20]}
{[%emt 00:00:12]} 39. Kb6 {[%clk 01:00:09]} {[%emt 00:00:27]} d3 {[%clk
01:01:21]} {[%emt 00:00:29]} 40. cxd3+ {[%clk 00:59:15]} {[%emt 00:01:23]} Kxd3
{[%clk 01:01:37]} {[%emt 00:00:15]} 41. a4 {[%clk 00:59:13]} {[%emt 00:00:32]}
Ke3 {[%clk 00:59:34]} {[%emt 00:02:33]} 42. a5 {[%clk 00:58:58]} {[%emt
00:00:45]} Kxf3 {[%clk 00:59:49]} {[%emt 00:00:14]} 43. a6 {[%clk 00:59:10]}
{[%emt 00:00:18]} Kg2 {[%clk 00:59:44]} {[%emt 00:00:35]} 44. a7 {[%clk
00:59:20]} {[%emt 00:00:20]} f3 {[%clk 00:59:48]} {[%emt 00:00:27]} 45. a8=Q
{[%clk 00:59:39]} {[%emt 00:00:10]} Kf2 {[%clk 00:59:58]} {[%emt 00:00:21]} 46.
Qe4 {[%clk 00:58:41]} {[%emt 00:01:27]} c4 {[%clk 00:59:49]} {[%emt 00:00:40]}
47. Qxc4 {[%clk 00:57:51]} {[%emt 00:01:19]} Kg2 {[%clk 00:59:58]} {[%emt
00:00:22]} 48. Qd5 {[%clk 00:57:37]} {[%emt 00:00:44]} Kg3 {[%clk 01:00:13]}
{[%emt 00:00:15]} 49. Qxd6+ {[%clk 00:56:33]} {[%emt 00:01:34]} Kxh3 {[%clk
01:00:23]} {[%emt 00:00:20]} 50. Qf4 {[%clk 00:55:59]} {[%emt 00:01:04]} Kg2
{[%clk 01:00:37]} {[%emt 00:00:16]} 51. Qg5+ {[%clk 00:56:18]} {[%emt
00:00:10]} Kf1 {[%clk 01:00:58]} {[%emt 00:00:10]} 52. Qxh5 {[%clk 00:56:07]}
{[%emt 00:00:41]} f2 {[%clk 01:01:21]} {[%emt 00:00:08]} 53. Qh4 {[%clk
00:55:59]} {[%emt 00:00:33]} Ke1 {[%clk 01:01:27]} {[%emt 00:00:26]} 54. Qxf2+
{[%clk 00:56:04]} {[%emt 00:00:26]} Kxf2 {[%clk 01:01:45]} {[%emt 00:00:12]}
55. b4 {[%clk 00:56:28]} {[%emt 00:00:06]} Ke3 {[%clk 01:02:08]} {[%emt
00:00:08]} 56. Ka7 {[%clk 00:56:33]} {[%emt 00:00:25]} Kd4 {[%clk 01:02:29]}
{[%emt 00:00:08]} 57. b5 {[%clk 00:56:53]} {[%emt 00:00:10]} Kc5 {[%clk
01:02:43]} {[%emt 00:00:16]} 58. b6 {[%clk 00:57:15]} {[%emt 00:00:08]} 1-0